Geography Quiz

Random Geography or City Quiz
Score 0/12 Timer 05:00
0 Plays Today
Province Capital city % Correct
Zuid-HollandDen Haag
99%
UtrechtUtrecht
96.1%
GroningenGroningen
93.2%
LimburgMaastricht
83.5%
Noord-HollandHaarlem
81.6%
GelderlandArnhem
81.6%
Noord-Brabant's-Hertogenbosch
80.6%
FrieslandLeeuwarden
80.6%
FlevolandLelystad
80.6%
ZeelandMiddelburg
78.6%
OverijsselZwolle
74.8%
DrentheAssen
73.8%
Come Together.
Have Fun.
All Virtual.
We all need to come together. Play Sporcle's virtual live trivia to have fun, connect with people, and get your trivia on. Join a live hosted trivia game for your favorite pub trivia experience done virtually. If a virtual private party is more your thing, go here for details.

You're not logged in!

Compare scores with friends on all Sporcle quizzes.
OR
Log In

Sporcle TV

Today on Sporcle TV


Watch our educational content, quiz creation guides, and fun videos on Sporcle TV.

Show Comments

Extras

Top Quizzes Today


Score Distribution

Paid Content

Your Account Isn't Verified!

In order to create a playlist on Sporcle, you need to verify the email address you used during registration. Go to your Sporcle Settings to finish the process.

Report this User

Report this user for behavior that violates our Community Guidelines.

Details: